Statistiques concernant 10 pays producteurs de bière

Cliquez ici pour prendre le quiz!

Statistiques générales

  • Ce quiz a été pris 61 fois
  • Le résultat moyen est 8 sur 10

Statistiques - réponses

% de la production mondiale Pays % Correct
4,6Allemagne
98%
26,8Chine
95%
11,9Etats-Unis
95%
4,7Russie
90%
2,2Royaume-Uni
80%
4,5Mexique
80%
7,2Brésil
78%
1,7Espagne
67%
2,1Pologne
63%
1,7Afrique du Sud
45%

Distribution des résultats

Percentile by Number Answered

% des personnes avec chaque résultat

Votre développement - résultats

Vous n’avez pas pris ce quiz